000 00692nam a2200181 i 4500
001 46529
003 ES-MaACL
005 20230906161412.0
007 t|
008 030331s1973 sp ||||1| spa d
111 2 _aCongreso Nacional de Arqueología (
_n12ª.
_d1973.
_cZaragoza)
_9513
245 1 0 _aXII Congreso Nacional de Arqueología
_b: Zaragoza 1973.
260 _a[Zaragoza :
_bSecretaría General de los Congresos Arqueológicos Nacionales],
_c1973.
300 _a881 p., 174 lám. :
_bil. ;
_c24 cm.
710 2 _aSecretaría General de los Congresos Arqueológicos Nacionales.
_96520
740 0 _aDoceavo Congreso Nacional de Arqueología.
852 _aES-MaACL
_jC-53401
_bR.86492
999 _c46529
_d46529